000
00240 a2200109 4500
001
11607
090
_c
8962
_d
8962
100
_a
Jane's
245
_a
Jane's electro optics image intensifier system, 1996
260
_b
Jane's
740
_a
electroptics
942
_a
NUST-CAE
999
_c
246680
_d
246680